Introduction to artificial intelligence and expert systems / (Record no. 179706)

000 -LEADER
fixed length control field 01027 a2200241 4500
003 - CONTROL NUMBER IDENTIFIER
control field Nust
005 - DATE AND TIME OF LATEST TRANSACTION
control field 20221024102315.0
010 ## - LIBRARY OF CONGRESS CONTROL NUMBER
LC control number 89035711
020 ## - INTERNATIONAL STANDARD BOOK NUMBER
International Standard Book Number 8120307771
040 ## - CATALOGING SOURCE
Transcribing agency Nust
082 00 - DEWEY DECIMAL CLASSIFICATION NUMBER
Classification number 006.3,PAT
100 1# - MAIN ENTRY--PERSONAL NAME
Personal name Patterson, Dan W.,
9 (RLIN) 101184
245 10 - TITLE STATEMENT
Title Introduction to artificial intelligence and expert systems /
Statement of responsibility, etc. Dan W. Patterson.
260 ## - PUBLICATION, DISTRIBUTION, ETC.
Place of publication, distribution, etc. Englewood Cliffs, N.J. :
Name of publisher, distributor, etc. Prentice Hall,
Date of publication, distribution, etc. c1990.
300 ## - PHYSICAL DESCRIPTION
Extent xv, 448 p. :
Other physical details ill. ;
Dimensions 25 cm.
505 ## - FORMATTED CONTENTS NOTE
Formatted contents note Introduction to Artificial Intelligence (Page-1), Knowledge Representation (Page-47), Knowledge Organization and Manipulation (Page-167), Perception , Communications and Expert Systems (Page-227), Knowledge Acquisition (Page-357).
650 #0 - SUBJECT ADDED ENTRY--TOPICAL TERM
Topical term or geographic name entry element Artificial intelligence.
650 #0 - SUBJECT ADDED ENTRY--TOPICAL TERM
Topical term or geographic name entry element Expert systems (Computer science)
9 (RLIN) 21983
740 0# - ADDED ENTRY--UNCONTROLLED RELATED/ANALYTICAL TITLE
Uncontrolled related/analytical title Artificial intelligence & expert systems.
740 0# - ADDED ENTRY--UNCONTROLLED RELATED/ANALYTICAL TITLE
Uncontrolled related/analytical title Artificial intelligence and expert systems.
740 0# - ADDED ENTRY--UNCONTROLLED RELATED/ANALYTICAL TITLE
Uncontrolled related/analytical title Introduction to artificial intelligence & expert systems.
942 ## - ADDED ENTRY ELEMENTS (KOHA)
Source of classification or shelving scheme
Koha item type Book
Call number prefix 006.3,PAT
Holdings
Withdrawn status Lost status Source of classification or shelving scheme Damaged status Not for loan Permanent Location Current Location Shelving location Date acquired Full call number Barcode Date last seen Price effective from Koha item type Public note
          Military College of Signals (MCS) Military College of Signals (MCS) General Stacks 12/12/2016 006.3,PAT MCS30295 12/08/2016 12/12/2016 Book Almirah No.7, Shelf No.2
© 2023 Central Library, National University of Sciences and Technology. All Rights Reserved.